[Event "45th Olympiad 2024"]
[Site "Budapest HUN"]
[Date "2024.09.21"]
[Round "10.19"]
[Board "2"]
[White "Quizon, Daniel"]
[Black "Kacharava, Nikolozi"]
[Result "1/2-1/2"]
[WhiteElo "2490"]
[BlackElo "2511"]
[PlyCount "70"]
[EventDate "2024.09.11"]
[WhiteTeam "Philippines"]
[BlackTeam "Georgia"]
[WhiteTeamCountry "PHI"]
[BlackTeamCountry "GEO"]

1. e4 e5 2. Nf3 Nc6 3. Bb5 a6 4. Ba4 Nf6 5. d3 d6 6. c3 g6 7. O-O Bg7 8. Nbd2 O-O 9. Re1 h6 10. Nf1 Re8 11. Ng3 d5 ({RR} 11... b5 12. Bc2 Bb7 13. a4 Nb8 14. h3 Nbd7 15. Be3 c5 16. Qd2 Kh7 17. b4 cxb4 18. cxb4 d5 19. Qe2 Qe7 20. Bd2 Rec8 21. Bb3 bxa4 22. Bxa4 Nb6 23. Bb3 d4 24. Ra5 Ne8 25. h4 Nd6 26. Rc5 {½-½ Chasouraki,C (1827)-Valkova,A (2009) 24th ch-EUR Indiv w 2024 (9.75)}) 12. h3 b5 13. Bc2 ({RR} 13. Bb3 Bb7 14. Qe2 dxe4 15. dxe4 Na5 16. Bc2 Qe7 17. b4 Nc4 18. Nd2 Nxd2 19. Bxd2 c5 20. a4 c4 21. Be3 Qe6 22. f3 h5 23. Nf1 Red8 24. Red1 Bc6 25. axb5 axb5 26. Rxd8+ Rxd8 27. Bf2 Bh6 {1-0 Nakamura,H (2736)-Esipenko,A (2716) Titled Tuesday intern op 17th Aug blitz 2021 (10)}) 13... a5 $146 ({RR} 13... Be6 14. Be3 Qd7 15. Qc1 Kh7 16. Bc5 Rad8 17. a4 dxe4 18. dxe4 Qc8 19. b4 Nd7 20. Be3 Nb6 21. axb5 axb5 22. Nd2 Bf8 23. Qb1 Nc4 24. Nxc4 Bxc4 25. Nf1 Qb7 26. Nd2 Be6 27. Nb3 Ra8 28. Nc5 {1-0 Tejedor Fuente,E (2390)-Rakshitta,R (2245) 4th elllobregat Open 2023 (3.73)}) ({RR} 13... Bb7 14. a4 b4 15. a5 Qd6 16. Be3 Rad8 17. Qb1 bxc3 18. bxc3 Rb8 19. Qa2 Bc8 20. Reb1 Be6 21. Qa4 Bd7 22. Qa2 Be6 23. Qa4 Rxb1+ 24. Rxb1 Bd7 25. Qa2 Be6 26. Qa4 Qd7 27. Qa3 Rd8 28. Ba4 {1-0 Yuan,Q (2373)-Lazavik,D (2532) Titled Tue 3rd Jan Late 2023 (6)}) ({RR} 13... Bb7 14. a4 Nb8 15. axb5 axb5 16. Rxa8 Bxa8 17. d4 dxe4 18. Nxe5 Nbd7 19. Ng4 Nxg4 20. hxg4 c5 21. Be3 cxd4 22. Bxd4 Nf6 23. Bxf6 Bxf6 24. Qxd8 Rxd8 25. Bxe4 Bxe4 26. Rxe4 Rd1+ 27. Nf1 Kg7 28. f4 {1-0 Montesinos Diaz,L (1949)-Revaliente Montoya,C (2163) ESP-ch U16 Salobrena 2022 (4)}) 14. d4 dxe4 15. Nxe4 exd4 16. Nxf6+ Bxf6 17. Rxe8+ Qxe8 18. cxd4 Bb7 19. Be3 Nb4 20. a3 Nxc2 21. Qxc2 Bxf3 22. gxf3 Qd7 23. Rc1 Rd8 24. Qxc7 Qxh3 25. Qf4 Qe6 26. Rc5 Bg5 27. Qe5 Bxe3 28. fxe3 Qb3 29. Rxb5 Qd1+ 30. Kf2 Qd2+ 31. Kg3 Qe1+ 32. Kg2 Qe2+ 33. Kg3 Qe1+ 34. Kg2 Qe2+ 35. Kg3 Qe1+ 1/2-1/2

[Event "45th Olympiad 2024"]
[Site "Budapest HUN"]
[Date "2024.09.21"]
[Round "10.19"]
[Board "3"]
[White "Paichadze, Luka"]
[Black "Bersamina, Paulo"]
[Result "1-0"]
[WhiteElo "2516"]
[BlackElo "2425"]
[PlyCount "85"]
[EventDate "2024.09.11"]
[WhiteTeam "Georgia"]
[BlackTeam "Philippines"]
[WhiteTeamCountry "GEO"]
[BlackTeamCountry "PHI"]

1. e4 c5 2. c3 d5 3. exd5 Qxd5 4. d4 g6 5. Nf3 Bg7 6. Nbd2 cxd4 7. Bc4 Qd8 8. Nxd4 Nf6 9. O-O O-O 10. N2f3 Qc7 11. Qe2 Bg4 12. h3 Bxf3 13. Nxf3 Nc6 14. Re1 ({RR} 14. Be3 Na5 15. Bd3 Nd5 16. Bd2 Rac8 17. Rad1 Nc4 18. Bc1 e6 19. g3 b5 20. h4 b4 21. cxb4 Nxb4 22. Bb1 Ne5 23. Nxe5 Qxe5 24. Qxe5 Bxe5 25. Rd7 a5 26. Rfd1 Nd5 27. Ra7 Rb8 28. Be4 Bxb2 {½-½ Nepomniachtchi,I (2771)-Vakhidov,J (2599) World Rapid 2023 (11.9)}) 14... e5 15. Bg5 Ne8 $146 ({RR} 15... Rae8 16. Nd2 h6 17. Bxf6 Bxf6 18. Rad1 Bg7 19. h4 Kh8 20. h5 g5 21. Ne4 f5 22. Nc5 Na5 23. Bb5 Re7 24. b4 a6 25. Rd7 Rxd7 26. Bxd7 Nc6 27. Rd1 Nd8 28. g4 fxg4 29. Bxg4 e4 30. Qxe4 {1-0 Otsuka,S (2222)-Pribelszky,B (2362) SixDays Budapest May IM 2024 (5.2)}) 16. Qd2 Nd6 17. Bd5 Nf5 18. Rad1 Nfe7 19. c4 Nf5 20. b3 Rae8 21. Be4 Nfd4 22. Nxd4 Nxd4 23. Bd5 Ne6 24. Be3 b6 25. Bxe6 Rxe6 26. Qd7 Re7 27. Qd5 e4 28. Bg5 Re5 29. Qd2 Re6 30. Bf4 Qc8 31. Qd7 a6 32. Rd6 Qxd7 33. Rxd7 h5 34. Red1 Be5 35. Be3 b5 36. c5 f5 37. g3 Rf7 38. Rd8+ Kh7 39. R1d5 h4 40. Rxe5 Rxe5 41. Bd4 Rfe7 42. c6 e3 43. fxe3 1-0

[Event "45th Olympiad 2024"]
[Site "Budapest HUN"]
[Date "2024.09.21"]
[Round "10.19"]
[Board "4"]
[White "Garcia, Jan Emmanuel"]
[Black "Pantsulaia, Levan"]
[Result "1/2-1/2"]
[WhiteElo "2380"]
[BlackElo "2516"]
[PlyCount "77"]
[EventDate "2024.09.11"]
[WhiteTeam "Philippines"]
[BlackTeam "Georgia"]
[WhiteTeamCountry "PHI"]
[BlackTeamCountry "GEO"]

1. g3 g6 2. c4 c5 3. Bg2 Bg7 4. Nc3 Nc6 5. e3 d6 6. Nge2 h5 7. h3 Bd7 ({RR} 7... Nh6 8. d3 Nf5 9. b3 Bd7 10. Bb2 a6 11. Qd2 Rb8 12. Ne4 e5 13. N4c3 b5 14. Nd5 Nfe7 15. Nec3 O-O 16. O-O h4 17. g4 f5 18. gxf5 Bxf5 19. e4 Bd7 20. Qg5 b4 21. Ne2 Nxd5 22. Qxd8 {½-½ Gurevich,M (2667)-Minasian,A (2595) FIDE-Wch k.o. 2000 (2.4)}) ({RR} 7... e5 8. a3 Nge7 9. Rb1 a5 10. d3 Rb8 11. Nb5 O-O 12. Nec3 f5 13. O-O Be6 14. Nd5 Bf7 15. Bd2 g5 16. b4 axb4 17. axb4 Nxd5 18. Bxd5 g4 19. hxg4 fxg4 20. Be4 Be6 21. Qe2 Qe7 22. bxc5 {½-½ Jacobsen,M (2283)-Libiszewski,F (2499) Reykjavik Open 2023 (7.21)}) ({RR} 7... Nh6 8. d3 Nf5 9. Rb1 O-O 10. g4 Nh4 11. Bxc6 bxc6 12. gxh5 d5 13. Ng3 Rb8 14. Na4 e5 15. b3 Qf6 16. Bb2 d4 17. Qe2 Bh6 18. Bc1 Qe7 19. Kd1 Kh7 20. Kc2 Rb7 21. Ba3 dxe3 22. Bxc5 {1-0 Garcia,J (2344)-Nguyen,A (2481) Tagaytay City zt 3.3 2011 (6)}) 8. d3 a6 $146 ({RR} 8... Rb8 9. Rb1 a6 10. a4 e5 11. O-O Nge7 12. Nd5 Nxd5 13. cxd5 Nb4 14. Bd2 b5 15. d4 bxa4 16. dxc5 dxc5 17. Bc3 O-O 18. e4 h4 19. g4 c4 20. Bxb4 Rxb4 21. Nc3 Qb6 22. Qe2 Rb8 23. Rfd1 {0-1 Gusev,D (2112)-Kasyanov,A (2210) Moscow op 2011 (3)}) ({RR} 8... Qc8 9. a3 Rb8 10. Rb1 Nh6 11. Bd2 Ne5 12. Qc2 Bc6 13. e4 h4 14. f4 Nd7 15. g4 Nf8 16. g5 Nf5 17. b4 b6 18. Nd5 Nd4 19. Nxd4 cxd4 20. O-O Bd7 21. Rf3 e6 22. Nf6+ Bxf6 23. gxf6 {1-0 Lenz,A-Herbold,M Ludwigshafen-ch 8th 1994 (7)}) 9. a3 Rb8 10. Rb1 b5 11. cxb5 axb5 12. b4 cxb4 13. axb4 Nf6 14. e4 Qc8 15. Be3 O-O 16. Qd2 e5 17. f3 Be6 18. g4 d5 19. exd5 Nxd5 20. Nxd5 Bxd5 21. gxh5 Nd4 22. O-O Nxe2+ 23. Qxe2 gxh5 24. f4 Bxg2 25. Qxg2 Qf5 26. fxe5 Qxd3 27. Rb3 Qg6 28. Bc5 Qxg2+ 29. Kxg2 Rfe8 30. Rg3 Re6 31. Rf5 h4 32. Rg4 Rg6 33. Rxg6 fxg6 34. Rg5 Kf7 35. e6+ Kxe6 36. Rxg6+ Kf7 37. Rg4 Bf6 38. Bf2 Rg8 39. Rxg8 1/2-1/2

[Event "45th Olympiad 2024"]
[Site "Budapest HUN"]
[Date "2024.09.21"]
[Round "10.20"]
[Board "1"]
[White "Zhakshylykov, Erzhan"]
[Black "Navara, David"]
[Result "1/2-1/2"]
[WhiteElo "2327"]
[BlackElo "2681"]
[PlyCount "51"]
[EventDate "2024.09.11"]
[WhiteTeam "Kyrgyzstan"]
[BlackTeam "Czech Republic"]
[WhiteTeamCountry "KGZ"]
[BlackTeamCountry "CZE"]

1. e4 {Rogozenco,Dorian} c5 2. c3 Nf6 3. e5 Nd5 4. Nf3 d6 5. d4 cxd4 6. cxd4 Nc6 7. Bc4 e6 8. O-O Be7 9. Qe2 O-O 10. Nc3 dxe5 11. dxe5 Nxc3 12. bxc3 Qa5 ({RR} 12... Qc7) ({RR} 12... b6) 13. Qe4 ({RR} 13. Rb1 Qxc3 14. Rb3 Qa5 15. Qe4 Rd8 16. Bg5 h6 17. Bc1 Qa4) 13... Rd8 ({RR} 13... Qa4 14. Bg5 h6 15. Bxe7 Nxe7 16. Rab1 Bd7 ({RR} 16... Rb8 17. Rfd1 b6 18. Rd4 Bb7 19. Qd3 Bxf3 20. gxf3 Qc6 21. Rd6 Qc5 22. Qe4 Rbc8 23. Bd3 Nf5) 17. Bd3 ({RR} 17. Qxb7 Qxc4 18. Qxd7 Nd5 19. Qb5 Qxb5 20. Rxb5 Nxc3 21. Ra5) 17... Qxe4 18. Bxe4 Bc6 19. Bxc6 bxc6 20. Rb7 Nd5 21. c4 ({RR} 21. Nd4 c5 22. Nb5 c4 23. Rb1 a6 24. Nc7 ({RR} 24. Nd6 Nxc3 25. Ra1 Rab8 26. Ra7 Nxa2 27. Nxc4 Nb4) 24... Nxc3 25. R1b4 Rad8 26. g3 Rd4 27. Nxa6 Nxa2 28. Rb2 Nc1 29. Rc2 Nd3) 21... Nc3 22. a3 Rfb8 23. Rc7 Rc8 24. Rb7 Rcb8 25. Rc7 Rc8 26. Rb7 Rcb8 {½-½ Adams,M (2746)-Tkachiev,V (2672) World Cup of Rapid Chess-B 2001 (2)}) 14. Bg5 ({RR} 14. Bd3 g6 15. Bd2 Qd5 16. Qxd5 Rxd5 17. Be4 Rd8 18. Rfd1 Bd7 19. Rab1 b6 20. Bg5 Rac8 21. Bxc6 {1-0 Orfini,N (2229)-Aghayev,M (2392) Montesilvano Easter op 6th 2021 (3)}) 14... Qxc3 15. Rad1 $146 ({RR} 15. Rfc1 Qa3 16. Rab1 Bxg5 17. Nxg5 g6 18. Qh4 h5 19. Ne4 Rd4 20. Nf6+ Kf8 21. Qg5 Qa5 22. f4 Qd2 23. Qh6+ Ke7 24. Qh8 Rd8 25. Ng8+ Rxg8 26. Qxg8 Rb8 27. Qg7 Qxf4 28. Rf1 Qd4+ 29. Kh1 Nxe5 {1-0 Zakharov,A (2305)-Fedorchuk,S (2365) EU-ch U14 Verdun 1995 (3)}) ({RR} 15. Bxe7 Nxe7 16. Rad1 Qa5 17. h4 Bd7 18. Qxb7 Rab8 19. Qa6 Qxa6 20. Bxa6 Bc6 21. Ng5 h6 22. Nf3 Bxf3 23. gxf3 Ng6 24. h5 Nxe5 25. Kg2 Kf8 26. Rxd8+ Rxd8 27. Rb1 Ke7 28. Rb5 Rd5 29. Rb7+ Rd7 {0-1 Herbold,M (2091)-Vovk,A (2567) Arber op 2nd 2013 (8)}) 15... Bd7 16. Bd3 Bxg5 17. Qxh7+ Kf8 18. Nxg5 Qxe5 19. Qh5 Be8 20. Rfe1 Qc3 21. Qf3 Nd4 22. Nh7+ Kg8 23. Nf6+ Kf8 24. Nh7+ Kg8 25. Nf6+ Kf8 26. Nh7+ 1/2-1/2

[Event "45th Olympiad 2024"]
[Site "Budapest HUN"]
[Date "2024.09.21"]
[Round "10.20"]
[Board "2"]
[White "Nguyen, Thai Dai Van"]
[Black "Orozbaev, Eldiyar"]
[Result "1-0"]
[WhiteElo "2647"]
[BlackElo "2376"]
[PlyCount "106"]
[EventDate "2024.09.11"]
[WhiteTeam "Czech Republic"]
[BlackTeam "Kyrgyzstan"]
[WhiteTeamCountry "CZE"]
[BlackTeamCountry "KGZ"]

1. e4 c5 2. Nf3 d6 3. d4 cxd4 4. Nxd4 Nf6 5. Nc3 Nc6 6. Bg5 e6 7. Qd3 a6 8. Nxc6 bxc6 9. O-O-O Qa5 10. Qg3 Nh5 11. Qh4 h6 12. Bd2 Be7 13. Qg4 g6 14. Bc4 Qc5 15. Qe2 Bg5 16. g3 $146 ({RR} 16. Bb3 Nf4 17. Qf3 e5 18. h4 Be7 19. Na4 Qb5 20. Bxf4 exf4 21. Qxf4 Be6 22. Kb1 Rb8 23. Rd3 Qa5 24. Rhd1 g5 25. hxg5 hxg5 26. Qg3 Rh4 27. Qe3 Rb4 28. Nc3 Qb6 29. Qd2 Qc5 30. Na4 Qa5 {1-0 Lorenzo de la Riva,L (2373)-Perpinya Rofes,L (2319) Badalona op 45th 2019 (3)}) 16... Bxd2+ 17. Qxd2 d5 18. Bb3 Nf6 19. Rhe1 O-O 20. e5 Nh7 21. Qxh6 Qxf2 22. Rf1 Qa7 23. h4 Qe7 24. Rd4 f6 25. Qxg6+ Qg7 26. Qh5 fxe5 27. Rxf8+ Kxf8 28. Rg4 Nf6 29. Rxg7 Nxh5 30. Rc7 Nxg3 31. Ba4 Rb8 32. Bxc6 a5 33. Na4 Ne2+ 34. Kd2 Nd4 35. Nc5 Kg8 36. h5 e4 37. b3 Kh8 38. a4 Nxc6 39. Rxc6 e5 40. Rd6 e3+ 41. Kxe3 Bf5 42. c3 d4+ 43. cxd4 exd4+ 44. Kxd4 Bc2 45. Kc3 Rc8 46. Kxc2 Rxc5+ 47. Kb2 Rxh5 48. Rb6 Kg7 49. Rb5 Rh2+ 50. Ka3 Kf7 51. Rxa5 Ke6 52. Rc5 Kd6 53. Rc3 Kd5 1-0

[Event "45th Olympiad 2024"]
[Site "Budapest HUN"]
[Date "2024.09.21"]
[Round "10.20"]
[Board "3"]
[White "Abdyzhapar, Asylbek"]
[Black "Zilka, Stepan"]
[Result "1/2-1/2"]
[WhiteElo "2357"]
[BlackElo "2574"]
[PlyCount "244"]
[EventDate "2024.09.11"]
[WhiteTeam "Kyrgyzstan"]
[BlackTeam "Czech Republic"]
[WhiteTeamCountry "KGZ"]
[BlackTeamCountry "CZE"]

1. d4 d5 2. c4 e6 3. Nc3 a6 4. cxd5 exd5 5. Bf4 Nf6 6. e3 Bd6 7. Bxd6 Qxd6 8. Bd3 O-O 9. Nf3 Re8 10. Qc2 Nc6 11. a3 Bg4 12. O-O Bxf3 13. gxf3 Ne7 14. Kh1 ({RR} 14. Rac1 c5 15. dxc5 Qxc5 16. Ne2 Qb6 17. Nd4 Rac8 18. Qb3 Qxb3 19. Nxb3 Nd7 20. f4 b5 21. Nd4 g6 22. Rcd1 Nb6 23. Nf3 Nc4 24. Bxc4 dxc4 25. Rd7 c3 26. bxc3 Rxc3 27. Rb7 Rxa3 28. Rd1 Nf5 {½-½ Manteiga,F (1957)-Volpe,A (1729) 7th Marcel Duchamp Cup 2024 (3.25)}) 14... c5 15. dxc5 Qxc5 16. Ne2 $146 ({RR} 16. Ne4 Nxe4 17. Bxe4 Qxc2 18. Bxc2 Nc6 19. Rfd1 Rad8 20. Rac1 Ne5 21. Bb3 Nxf3 22. Bxd5 Ne5 23. Rc7 b5 24. Ra7 g6 25. Rxa6 Kh8 26. Rd4 f5 27. Rb6 Ng4 28. Kg2 f4 29. e4 Re5 30. h3 Nh6 {1-0 O'Connell,G (2148)-O'Neill,P (1985) IRL-ch Dublin 2018 (9.11)}) 16... Qxc2 17. Bxc2 Nc6 18. Rfd1 Rac8 19. Bf5 Rcd8 20. Nd4 Nxd4 21. Rxd4 Re5 22. Bh3 Rh5 23. Bf1 Rc8 24. Rdd1 g6 25. Rac1 Rxc1 26. Rxc1 d4 27. Rc7 dxe3 28. fxe3 b5 29. Rc6 Nd5 30. e4 Ne3 31. Be2 Rg5 32. Rc3 Ng2 33. Bf1 Nh4 34. Bh3 b4 35. axb4 Rb5 36. b3 Rxb4 37. Kg1 f5 38. Kf2 fxe4 39. fxe4 Rxe4 40. Rc6 a5 41. Kg3 g5 42. Rc5 Re3+ 43. Kg4 h5+ 44. Kxh5 Rxh3 45. Rxg5+ Kf7 46. Kg4 Rxh2 47. Rxa5 Ng6 48. Ra7+ Ne7 49. Kf4 Ke6 50. Ke4 Kd6 51. Kd3 Nc6 52. Rg7 Kd5 53. Rg5+ Ne5+ 54. Kc3 Rh4 55. Rg8 Kc5 56. Rc8+ Nc6 57. Rg8 Rh3+ 58. Kb2 Nd4 59. Rc8+ Kb5 60. Rb8+ Ka5 61. Ra8+ Kb4 62. Ra4+ Kc5 63. Rc4+ Kd5 64. Rc3 Rh2+ 65. Kb1 Rf2 66. b4 Ne2 67. Rc2 Kd4 68. Kb2 Kd3 69. Rc8 Nd4+ 70. Ka3 Rf1 71. Kb2 Rf2+ 72. Ka3 Rf4 73. Kb2 Nb5 74. Kb3 Rf1 75. Kb2 Rf2+ 76. Kb3 Nd4+ 77. Ka3 Rf4 78. Kb2 Rh4 79. Rc3+ Ke4 80. Rc8 Rh3 81. Ka2 Nb5 82. Kb2 Kd4 83. Rc6 Na3 84. Rc8 Nc4+ 85. Kb1 Rh1+ 86. Kc2 Rh2+ 87. Kd1 Rb2 88. Ke1 Nd6 89. Rd8 Ke5 90. Rb8 Kf4 91. b5 Ke3 92. Kf1 Nxb5 93. Re8+ Kd3 94. Rb8 Kc4 95. Rc8+ Kb4 96. Re8 Kc3 97. Rb8 Rb4 98. Kf2 Rf4+ 99. Kg3 Rf5 100. Kg4 Nd4 101. Rd8 Rf1 102. Kg3 Kd3 103. Re8 Rf6 104. Kg4 Ne6 105. Ra8 Ke4 106. Ra4+ Nd4 107. Kg5 Rd6 108. Ra8 Nf3+ 109. Kh5 Ne5 110. Ra1 Kf4 111. Rf1+ Nf3 112. Ra1 Kf5 113. Ra5+ Ne5 114. Kh4 Rd3 115. Rb5 Ra3 116. Rc5 Kf4 117. Rb5 Ng6+ 118. Kh5 Rg3 119. Ra5 Rg1 120. Ra4+ Kf5 121. Ra5+ Ne5 122. Kh4 Rh1+ 1/2-1/2

[Event "45th Olympiad 2024"]
[Site "Budapest HUN"]
[Date "2024.09.21"]
[Round "10.20"]
[Board "4"]
[White "Vykouk, Jan"]
[Black "Sezdbekov, Ruslan"]
[Result "1-0"]
[WhiteElo "2483"]
[BlackElo "2251"]
[PlyCount "127"]
[EventDate "2024.09.11"]
[WhiteTeam "Czech Republic"]
[BlackTeam "Kyrgyzstan"]
[WhiteTeamCountry "CZE"]
[BlackTeamCountry "KGZ"]

1. Nf3 d5 2. e3 Nf6 3. c4 e6 4. Nc3 Bd6 5. b3 O-O 6. Bb2 b6 7. cxd5 exd5 8. Rc1 ({RR} 8. Nb5 Be7 9. Be5 Ne8 10. Rc1 c5 11. Bxb8 Rxb8 12. Nxa7 Bb7 13. Nb5 d4 14. Bc4 Nd6 15. O-O Nxc4 16. bxc4 d3 17. Rc3 Bf6 18. Rb3 Qd7 19. Ne1 Qe6 20. Qc1 Rfd8 21. Rxd3 h5 22. Rxd8+ Rxd8 {1-0 Artemiev,V (2700)-Ding,L (2799) Airthings Masters KO rapid 2022 (1.14)}) 8... a6 9. g3 Re8 ({RR} 9... Bf5 10. Bg2 Bd3 11. Ne2 Nbd7 12. O-O a5 13. Rc3 Nc5 14. Ne1 Ba6 15. d3 a4 16. b4 Ne6 17. Ba3 Re8 18. Nf3 c5 19. Qb1 d4 20. bxc5 bxc5 21. Rcc1 dxe3 22. fxe3 Nd5 23. e4 Rb8 24. Qa1 {0-1 Fanninger,L (2215)-Escobar Forero,A (2423) 33rd Pobla De Lillet Open 2024 (7.2)}) 10. Bg2 Bf5 $146 ({RR} 10... Bb7 11. O-O Nbd7 12. Ne2 Rc8 13. Nf4 c6 14. d4 a5 15. Nd3 Ba6 16. Re1 Ne4 17. Nfe5 Nxe5 18. Nxe5 c5 19. f3 Nf6 20. f4 Qe7 21. Qd2 Ne4 22. Bxe4 dxe4 23. Red1 Bxe5 24. fxe5 Bd3 25. dxc5 {½-½ Oparin,G (2667)-Mareco,S (2622) PRO League Prelim 2023 (2.3)}) ({RR} 10... Bg4 11. h3 Bh5 12. O-O c5 13. d4 cxd4 14. Qxd4 Nc6 15. Qd2 Bb4 16. Nd4 Ne5 17. f4 Ng6 18. Nc6 Bxc3 19. Bxc3 Qd6 20. Bxf6 Qxf6 21. g4 Bxg4 22. hxg4 Qh4 23. f5 Nf8 24. Qxd5 Qg5 25. Qd4 {1-0 Nogerbek,K (2468)-Narayanan,S (2559) World Rapid 2022 (5.67)}) 11. d3 Qd7 12. O-O Bg4 13. e4 d4 14. Nd5 Nxd5 15. exd5 a5 16. Bxd4 Na6 17. Qd2 f6 18. Bc3 Bh3 19. Bxh3 Qxh3 20. Nh4 Qg4 21. Ng2 Qf3 22. Ne3 Nb4 23. Bxb4 axb4 24. Rc2 Qh5 25. Qd1 Qf7 26. Qg4 h5 27. Qf3 Ra5 28. Rd1 g6 29. d4 f5 30. Nc4 Rxd5 31. Nxd6 Rxd6 32. Rdc1 Re7 33. Rc4 Red7 34. Qf4 Re7 35. h4 Qg7 36. Kg2 Re4 37. Qg5 Re7 38. Rxb4 Qf7 39. Qf4 Re4 40. Qf3 Rdxd4 41. Rxd4 Rxd4 42. Qc6 Rd7 43. Rc4 Kg7 44. a4 Kh6 45. b4 Rd2 46. a5 bxa5 47. bxa5 Qe7 48. a6 Qe3 49. Qf3 Qxf3+ 50. Kxf3 Ra2 51. Rc6 Ra4 52. Ke3 Ra2 53. f4 Ra3+ 54. Kd4 Ra5 55. Kc4 Ra3 56. Kd5 Rxg3 57. Ke6 Rf3 58. a7 Ra3 59. Rxc7 Ra2 60. Kd7 g5 61. fxg5+ Kg6 62. Kc8 f4 63. Kb8 f3 64. a8=Q 1-0

[Event "45th Olympiad 2024"]
[Site "Budapest HUN"]
[Date "2024.09.21"]
[Round "10.21"]
[Board "1"]
[White "Cori, Jorge"]
[Black "Vocaturo, Daniele"]
[Result "1/2-1/2"]
[WhiteElo "2609"]
[BlackElo "2600"]
[PlyCount "76"]
[EventDate "2024.09.11"]
[WhiteTeam "Peru"]
[BlackTeam "Italy"]
[WhiteTeamCountry "PER"]
[BlackTeamCountry "ITA"]

1. c4 e6 2. Nc3 d5 3. d4 c5 4. cxd5 exd5 5. Nf3 Nc6 6. g3 Nf6 7. Bg2 Be7 8. O-O O-O 9. Bg5 c4 10. e3 Be6 11. Ne5 h6 12. Bxf6 Bxf6 13. f4 Bxe5 14. fxe5 ({RR} 14. dxe5 Qb6 15. f5 Qxe3+ 16. Kh1 Bc8 17. Nxd5 Qxe5 18. Qd2 Rd8 19. Rae1 Qd4 20. Qxd4 Nxd4 21. Ne7+ Kf8 22. Re4 Nb5 23. a4 Nd6 24. Re5 Bd7 25. a5 Re8 26. Rfe1 Rad8 27. g4 b5 28. axb6 axb6 {½-½ Yuffa,D (2572)-Mamedov,R (2703) Wch Rapid St Petersburg 2018 (10)}) 14... b5 15. a3 Rb8 16. e4 $146 ({RR} 16. Qf3 Ne7 17. Rad1 f6 18. exf6 Rxf6 19. Qh5 Bf7 20. Qe2 Rxf1+ 21. Rxf1 a5 22. Qf3 Be6 23. e4 dxe4 24. Qxe4 Rb6 25. d5 Bf7 26. Re1 b4 27. Na4 Rb7 28. d6 Nd5 29. Nc5 Qb6 30. Qd4 Nf6 {1-0 Lazavik,D (2553)-Renjith,S (2118) Titled Tue 20th Jun Early 2023 (3)}) ({RR} 16. Qf3 b4 17. Nxd5 bxa3 18. bxa3 Na5 19. Nf4 c3 20. Rac1 Qc7 21. d5 Bd7 22. Qe4 Rb2 23. e6 fxe6 24. Nxe6 Rxf1+ 25. Rxf1 Qd6 26. Qg6 Bxe6 27. Be4 Bf5 28. Qxf5 Qf6 29. Qh7+ Kf7 30. Rxf6+ Kxf6 {1-0 Tulchynskyi,F (2233)-Melamed,D (2029) Titled Tue 11th Jun Late 2024 (1)}) 16... Ne7 17. exd5 Nxd5 18. Qf3 Nxc3 19. bxc3 Qb6 20. Rab1 f6 21. Qe3 fxe5 22. Qxe5 Rxf1+ 23. Rxf1 Rf8 24. Rxf8+ Kxf8 25. Kf2 Kf7 26. Ke3 Bd7 27. Bd5+ Kf8 28. Be4 Qf6 29. h4 a6 30. Qc5+ Ke8 31. Qd5 Ke7 32. Qe5+ Kd8 33. Qb8+ Ke7 34. Qc7 Ke8 35. Qe5+ Kd8 36. Bf3 Qe7 37. Qxe7+ Kxe7 38. Be4 Kd6 1/2-1/2

[Event "45th Olympiad 2024"]
[Site "Budapest HUN"]
[Date "2024.09.21"]
[Round "10.21"]
[Board "2"]
[White "Lodici, Lorenzo"]
[Black "Leiva, Gianmarco"]
[Result "1-0"]
[WhiteElo "2556"]
[BlackElo "2389"]
[PlyCount "115"]
[EventDate "2024.09.11"]
[WhiteTeam "Italy"]
[BlackTeam "Peru"]
[WhiteTeamCountry "ITA"]
[BlackTeamCountry "PER"]

1. d4 Nf6 2. c4 e6 3. g3 Bb4+ 4. Bd2 Be7 5. Bg2 d5 6. Nf3 O-O 7. O-O Nbd7 8. b4 ({RR} 8. Qb3 Nb6 9. cxd5 exd5 10. Bb4 Bxb4 11. Qxb4 a5 12. Qc3 c6 13. Ne5 Re8 14. Nd2 Ng4 15. Nxg4 Bxg4 16. e3 Qd6 17. Rfe1 Be6 18. Nb3 Qc7 19. Nc5 Nd7 20. Nxe6 fxe6 21. e4 Qd6 22. Re2 dxe4 {1-0 Aronian,L (2780)-Caruana,F (2805) Norway Masters blitz 3rd 2015 (4)}) 8... dxc4 ({RR} 8... c6 9. Qb3 b6 10. Rc1 a5 11. cxd5 cxd5 12. b5 Bb7 13. Nc3 Rc8 14. Na4 Ne4 15. Be3 Rxc1+ 16. Rxc1 Nd6 17. Nb2 Nf5 18. Bf4 Bd6 19. e3 Qb8 20. Bf1 f6 21. Bh3 g6 22. Nd3 Ng7 23. Rc6 {1-0 Sabuk,P (2387)-Kaasen,T (2468) 49th Seville Open 2024 (8.4)}) 9. Qc2 a6 $146 ({RR} 9... Rb8 10. Qxc4 b5 11. Qc2 Bb7 12. Rc1 a5 13. bxa5 c5 14. Be1 c4 15. a3 Be4 16. Qd1 Qc7 17. Bb4 Nd5 18. Bxe7 Nxe7 19. a6 Nb6 20. Nc3 Bc6 21. Ne5 Bxg2 22. Kxg2 Nbd5 23. Ne4 Nc6 24. Nf3 {½-½ Bindrich,F (2602)-Ferreira,J (2492) EU-ch 19th Batumi 2018 (7)}) ({RR} 9... c3 10. Bxc3 Nd5 11. a3 b6 12. e4 Nxc3 13. Nxc3 Bb7 14. Rfd1 Nf6 15. Ng5 h6 16. e5 hxg5 17. exf6 Bxg2 18. fxe7 Qxe7 19. Kxg2 c5 20. bxc5 bxc5 21. d5 Rfd8 22. Qe4 Qf6 23. dxe6 Qxc3 24. e7 {1-0 Thybo,J (2568)-Lohia,S (1985) Belgrade Spring op 2021 (1)}) 10. a4 Rb8 11. b5 c5 12. dxc5 Bxc5 13. Na3 axb5 14. Nxb5 Qe7 15. Nfd4 Nb6 16. a5 Nbd5 17. Qxc4 Bd7 18. e4 Rfc8 19. exd5 Bxb5 20. Qxb5 Bxd4 21. Rab1 Nxd5 22. a6 b6 23. Bxd5 exd5 24. Qxd5 Bc5 25. Bf4 Rd8 26. Rfe1 Rxd5 27. Rxe7 Ra8 28. Rb7 Rxa6 29. Rb8+ Bf8 30. Re1 g5 31. Be5 f6 32. Bc3 Kf7 33. Rb7+ Kg6 34. Re8 Ra3 35. Bxf6 Bc5 36. Bb2 Rf3 37. Re6+ Kf5 38. Re2 h5 39. Kg2 g4 40. h4 Bd4 41. Rd2 Rxf2+ 42. Rxf2+ Bxf2 43. Rf7+ Ke4 44. Rxf2 b5 45. Ba3 Rd3 46. Bf8 Rb3 47. Rf4+ Kd3 48. Bb4 Rb1 49. Kf2 Rc1 50. Rf5 Rb1 51. Rf4 Rh1 52. Be1 Rh2+ 53. Kg1 Rb2 54. Kf1 Rc2 55. Rf5 Rb2 56. Rxh5 b4 57. Rb5 b3 58. h5 1-0